000 00251nam a22001097a 4500
082 _a658.001 BRI'S
100 _aBRIGGS, G. W
_980476
245 _aSTUDIES IN MANAGEMENT TECHNIQUES
260 _aLONDON
_bGEE & CO
_c1953
300 _a203P
942 _cBK
999 _c585402
_d585402